Spell the Marvel Character #396 - Statistics

General Stats
  • This quiz has been taken 13 times
  • The average score is 9 of 11
Answer Stats
Picture Answer % Correct
Elektra
100%
Thor (Jane Foster)
91%
Oya
82%
Rescue
82%
Rockslide
82%
Elsa Bloodstone
73%
Energizer
73%
Fantomex
73%
Freebooter
73%
Omega
73%
Blindfold
55%
No matching quizzes found
Score Distribution
Percent of People with Each Score
Percentile by Number Answered
Your Score History
You have not taken this quiz